• 首页
  • 本馆介绍
  • 公告通知
  • 最新文献
  • 馆藏检索
  • 电子资源
  • 读者导购
  • 参考咨询
  • 我的图书馆
  • 登录
  • 详细信息显示
  • 放入我的书架
  • 预约/预借图书
  • 作者相关作品
  • 分类相关作品
  • 丛书相关作品
  • 出版社相关作品

书目信息

  • 表格格式
  • 工作单格式
  • 卡片格式
题名:
中国抒情歌曲选
    
 
作者: 莫索 编
分册:  
出版信息: 西安   陕西人民出版社  1984
页数: 310页
开本: 20cm
丛书名: 歌曲精品系列
单 册:
中图分类: J642.5
科图分类: 48.9525
主题词: 抒情歌曲--中国--现代--选集
电子资源:
ISBN:
000 00667nam2 2200253 45
001 1553510817
005 20150130145400.56
010    @dCNY1.00
091    @a8094.699
100    @a19970815d1984 y0chiy0121 ea
101 0  @achi
102    @aCN@b610000
105    @ag z 000yy
200 10 @a中国抒情歌曲选@Azhong guo shu qing ge qu xuan@f莫索编@Fmo suo bian
210    @a西安@c陕西人民出版社@d1984
215    @a310页@d20cm
225 2  @a歌曲精品系列
410  0 @120010@a歌曲精品系列
606    @a抒情歌曲@y中国@z现代@x选集
690    @aJ642.5@v3
692    @a48.9525
701  0 @a莫索@Amo suo@4编
801  0 @aCN@bTSSF@c20150130
905    @aZUCC@dJ642.5@eJY1
    
    中国抒情歌曲选/莫索编.-西安:陕西人民出版社,1984
    310页;20cm.-(歌曲精品系列)
    
    
    ISBN :CNY1.00
    
●
相关链接 在E读中查询图书 在五车中查询图书 在当当中查询图书 在豆瓣中查询图书


正题名:中国抒情歌曲选     索取号:J642.5/JY1         预约/预借

序号 登录号 条形码 馆藏地/架位号 状态 备注
1 7858714   278587147   学院路分馆/ [索取号:J642.5/JY1] 在馆    
唐山师范学院图书馆 欢迎您!
大连网信软件有限公司© 版权所有